000 00542cam a2200169 4500500
005 20260405002904.0
041 _afre
042 _adc
100 1 0 _ade Oliveira, Victorine
_eauthor
245 0 0 _aSohrawardi commenté par Pacôme Thiellement
260 _c2019.
500 _a2
690 _aPacôme Thiellement
690 _aSohrawardi
786 0 _nPhilosophie magazine | 127 | 3 | 2019-03-01 | p. 33-33 | 1951-1787
856 4 1 _uhttps://shs.cairn.info/magazine-philosophie-magazine-2019-3-page-33?lang=fr&redirect-ssocas=7080
999 _c2062164
_d2062164